000 00509nam a22001817a 4500
003 OSt
005 20150601141846.0
008 150601b xxu||||| |||| 00| 0 eng d
020 _a9970601018
040 _c04
082 _a920 WAV 2000
100 _aWavamunno Gordon B. K
_95104
245 _aThe story of an African Entrepreneur /
_cGordon B. K Wavamunno
260 _aUganda:
_bWavah Books Ltd;
_c2000.
300 _aviii, 331 p :
_bill;
_c23 cm.
650 _aAfrican Entrepreneur
_95105
942 _2z
_cSLOAN
999 _c1939
_d1939